Communication skills in English : (Record no. 293495)
[ view plain ]
| 000 -LEADER | |
|---|---|
| fixed length control field | 00857nam a2200253Ia 4500 |
| 008 - FIXED-LENGTH DATA ELEMENTS--GENERAL INFORMATION | |
| fixed length control field | 160418s9999 xx 000 0 und d |
| 020 ## - INTERNATIONAL STANDARD BOOK NUMBER | |
| International Standard Book Number | 971-08-0588-6 |
| 050 ## - LIBRARY OF CONGRESS CALL NUMBER | |
| Classification number | FIL PE 1130.5 |
| 050 ## - LIBRARY OF CONGRESS CALL NUMBER | |
| Item number | .P5C66 2006 c.2 |
| 245 ## - TITLE STATEMENT | |
| Title | Communication skills in English : |
| 245 ## - TITLE STATEMENT | |
| Remainder of title | part 1 / |
| 245 ## - TITLE STATEMENT | |
| Statement of responsibility, etc | Zenaida A. Olonan.. [et al] |
| 260 ## - PUBLICATION, DISTRIBUTION, ETC. (IMPRINT) | |
| Place of publication, distribution, etc | Mandaluyong: |
| 260 ## - PUBLICATION, DISTRIBUTION, ETC. (IMPRINT) | |
| Name of publisher, distributor, etc | National Books Store, |
| 260 ## - PUBLICATION, DISTRIBUTION, ETC. (IMPRINT) | |
| Date of publication, distribution, etc | 2006 |
| 300 ## - PHYSICAL DESCRIPTION | |
| Extent | 167 pages : |
| 300 ## - PHYSICAL DESCRIPTION | |
| Other physical details | illustrations ; |
| 300 ## - PHYSICAL DESCRIPTION | |
| Dimensions | 22 cm. |
| 500 ## - GENERAL NOTE | |
| General note | Includes bibliographical references. |
| 650 ## - SUBJECT ADDED ENTRY--TOPICAL TERM | |
| Topical term or geographic name as entry element | English language -- Business English -- Problems, exercises, etc. |
| 650 ## - SUBJECT ADDED ENTRY--TOPICAL TERM | |
| Topical term or geographic name as entry element | English language -- Study and teaching (Higher). |
| 650 ## - SUBJECT ADDED ENTRY--TOPICAL TERM | |
| General subdivision | English language -- Technical English -- Problems, exercises, etc. |
| 650 ## - SUBJECT ADDED ENTRY--TOPICAL TERM | |
| General subdivision | English language -- Textbooks for foreign speakers -- Filipino. |
| Withdrawn status | Lost status | Damaged status | Home library | Current library | Shelving location | Date acquired | Total Checkouts | Full call number | Barcode | Date last seen | Price effective from | Koha item type |
|---|---|---|---|---|---|---|---|---|---|---|---|---|
| South Mansfield College | South Mansfield College | Filipiniana Section | 01/10/2008 | FIL PE 1130.5 .P5C66 2006 c.2 | SMC04124 | 04/18/2016 | 04/18/2016 |